| 000 | 00696nam a2200205 i 4500 | ||
|---|---|---|---|
| 001 | 92959 | ||
| 003 | ES-MaACL | ||
| 007 | t| | ||
| 008 | 050406s1955 sp ||||1| spa d | ||
| 100 | 1 |
_aLobel, L. _973004 |
|
| 245 | 1 | 0 |
_aManual de sensitometría _b: la técnica de la medición de los materiales fotográficos... / _cL. Lobel y M. Dubois; [traducción por Eduardo Condeminas]. |
| 260 |
_aBarcelona : _bOmega, _c1955. |
||
| 300 |
_a220 p., 4 lám : _bil. ; _c25 cm. |
||
| 490 | 1 | _aFoto biblioteca | |
| 700 | 1 |
_aDubois, M. _945771 |
|
| 700 | 1 |
_aCondeminas, Eduardo. _940136 |
|
| 830 | 0 |
_aFoto biblioteca _9181378 |
|
| 852 |
_aES-MaACL _jC-9862 _bR.38089 |
||
| 999 |
_c92959 _d92959 |
||